00417nam a2200157Ia 4500008004100000041000800041082000800049100001600057245008200073250000800155260003300163300000800196542001500204551002700219650001300246220531s9999 xx 000 0 und d aeng bSUR aSury, M. M. aBlack Money And Tax Evasion In India: Magnitude, Problems And Policy Measures a1ST aNew DelhibNew Centuryc2014 a210 d17-04-2015 aCommercebNon-grant--C aTaxation